Modern biotechnology in healthcare : advances and applications (Record no. 41687)

MARC details
000 -LEADER
fixed length control field 00506nam a2200181Ia 4500
020 ## - INTERNATIONAL STANDARD BOOK NUMBER
ISBN 9781774913628
050 ## - CALL MARK
Classification number R 855.3 .M63/
100 ## - STATEMENT OF RESPONSIBILITY--MAIN AUTHOR NAME
Personal name Edited by Ahmad, Sheikh Umar
245 #0 - TITLE STATEMENT
Title Modern biotechnology in healthcare : advances and applications
260 ## - PUBLICATION, DISTRIBUTION, ETC. (IMPRINT)
Place of publication Palm Bay, FL
260 ## - PUBLICATION, DISTRIBUTION, ETC. (IMPRINT)
Name of publisher Apple Academic Press
260 ## - PUBLICATION, DISTRIBUTION, ETC. (IMPRINT)
Year of publication 2024
300 ## - PHYSICAL DESCRIPTION
Number of Pages xxii, 237 p. : ill. ; 23 cm.
650 ## - SUBJECT ADDED ENTRY--TOPICAL TERM
Topical Term Palm Bay, FL
942 ## - ADDED ENTRY ELEMENTS (KOHA)
Koha item type Books
Holdings
Withdrawn status Lost status Source of classification or shelving scheme Damaged status Not for loan Permanent Location Current Location Shelving location Date acquired Accession Number Price effective from Koha item type
    Library of Congress Classification     NILE UNIVERSITY OF NIGERIA - MAIN LIBRARY NILE UNIVERSITY OF NIGERIA - MAIN LIBRARY Items on shelf 06/03/2025 0198189 06/03/2025 Books